Contruction aeronautique

Gespeichert in:
Bibliographische Detailangaben
Format: Buch
Sprache:Undetermined
Veröffentlicht: Paris Institut National de la Statistique et des Etudes Economiques 1971
Schlagworte:
Tags: Tag hinzufügen
Keine Tags, Fügen Sie den ersten Tag hinzu!
Thư viện lưu trữ: Trung tâm Học liệu Trường Đại học Cần Thơ
LEADER 00460nam a2200169Ia 4500
001 CTU_96472
008 210402s9999 xx 000 0 und d
082 |a 338 
082 |b C746 
245 0 |a Contruction aeronautique 
260 |a Paris 
260 |b Institut National de la Statistique et des Etudes Economiques 
260 |c 1971 
650 |a Industries 
650 |z France 
904 |i M.Loan 
980 |a Trung tâm Học liệu Trường Đại học Cần Thơ